[Event "GER-ch Net blitz qual1"]
[Site "Playchess.com INT"]
[Date "2020.03.07"]
[Round "6"]
[White "Scheele, Andreas"]
[Black "Boss, Markus"]
[Result "1-0"]
[WhiteElo "1720"]
[BlackElo "1979"]
[PlyCount "79"]
[EventDate "2020.03.07"]
[EventType "swiss (blitz)"]
[EventRounds "9"]
[EventCountry "GER"]
[SourceTitle "CBM 195 Extra"]
[Source "ChessBase"]
[SourceDate "2020.05.31"]
[SourceVersion "1"]
[SourceVersionDate "2020.05.31"]
[SourceQuality "1"]

1. d4 Nf6 2. c4 c5 3. d5 e6 4. Nc3 exd5 5. cxd5 d6 6. e4 g6 7. h3 Bg7 8. Nf3 0-0 9. Bd3 Nh5 10. 0-0 Nd7 11. g4 Nhf6 12. Bf4 Ne8 13. a4 Qe7 14. Qd2 Ne5 15. Nxe5 Bxe5 16. Bxe5 Qxe5 17. Qe3 g5 18. Kg2 Nc7 19. f4 gxf4 20. Qxf4 Qxf4 21. Rxf4 Bd7 22. Raf1 Kg7 23. g5 a6 24. Rf6 Ne8 25. Rh6 c4 26. Bxc4 f6 27. h4 fxg5 28. hxg5 Rxf1 29. Bxf1 Nc7 30. Rxd6 Rd8 31. Kg3 Ne8 32. Rb6 Bc8 33. e5 Nc7 34. Bc4 Na8 35. Rf6 Nc7 36. d6 Ne8 37. Rf7+ Kg6 38. Kf4 Nxd6 39. Rf6+ Kg7 40. exd6 1-0

[Event "GER-ch Net blitz qual1"]
[Site "Playchess.com INT"]
[Date "2020.03.07"]
[Round "9"]
[White "Scheftlein, Richard"]
[Black "Boss, Markus"]
[Result "1-0"]
[WhiteElo "2243"]
[BlackElo "1979"]
[PlyCount "75"]
[EventDate "2020.03.07"]
[EventType "swiss (blitz)"]
[EventRounds "9"]
[EventCountry "GER"]
[SourceTitle "CBM 195 Extra"]
[Source "ChessBase"]
[SourceDate "2020.05.31"]
[SourceVersion "1"]
[SourceVersionDate "2020.05.31"]
[SourceQuality "1"]

1. d4 Nf6 2. c4 c5 3. Nf3 cxd4 4. Nxd4 e5 5. Nb5 d5 6. cxd5 Bc5 7. e3 e4 8. Be2 0-0 9. N5c3 Qe7 10. Nd2 Rd8 11. Qc2 Bf5 12. a3 Nbd7 13. b4 Bd6 14. Bb2 Rac8 15. Nc4 Bb8 16. Rc1 Ne5 17. Nxe5 Bxe5 18. Qb3 Bg4 19. h3 Bxe2 20. Kxe2 a6 21. Rhd1 h5 22. Kf1 Rc7 23. Ne2 Bxb2 24. Qxb2 Rxc1 25. Qxc1 Nxd5 26. Nd4 g6 27. Rd2 Qf6 28. Kg1 Qg5 29. Rc2 Kg7 30. Rc5 Qe7 31. Qc2 Rd7 32. Qc4 Nb6 33. Qc3 Kh7 34. Qb3 Kg7 35. a4 Rc7 36. Qc3 Rxc5 37. Nf5+ Kf8 38. Qh8# 1-0